Fr. Conceicao Rodrigues College of Engineering

Windows Sockets Networks Programming (Record no. 35165)

MARC details
000 -LEADER
fixed length control field 00330nam a2200145Ia 4500
082 ## - DEWEY DECIMAL CLASSIFICATION NUMBER
Classification number 4.6
Item number QUI
100 ## - MAIN ENTRY--PERSONAL NAME
Personal name Quinn. Bob/ Shute Dave
245 ## - TITLE STATEMENT
Title Windows Sockets Networks Programming
260 ## - PUBLICATION, DISTRIBUTION, ETC.
Name of publisher, distributor, etc. Addison Wesley Pub
Place of publication, distribution, etc. Wokingham
Date of publication, distribution, etc. 1996
300 ## - PHYSICAL DESCRIPTION
Extent 631
546 ## - LANGUAGE NOTE
Language note ENGLISH
654 ## - SUBJECT ADDED ENTRY--FACETED TOPICAL TERMS
Focus term Windows
942 ## - ADDED ENTRY ELEMENTS (KOHA)
Koha item type Reference Book
Holdings
Withdrawn status Lost status Damaged status Not for loan Collection Home library Current library Shelving location Date acquired Total Checkouts Full call number Barcode Date last seen Price effective from Koha item type
        CRC Fr. Agnel's C.Rodrigues College of Engineering Fr. Agnel's C.Rodrigues College of Engineering   17/03/2023   4.6 QUI 9577 17/03/2023 17/03/2023 Reference Book